Farms continue to perform well in 2003 (Record no. 117663)

MARC details
000 -LEADER
fixed length control field 00920cam a2200205 4500
001 - CONTROL NUMBER
control field WB@3612-813
008 - FIXED-LENGTH DATA ELEMENTS--GENERAL INFORMATION
fixed length control field 040707n2004 000 0 eng u
035 ## - SYSTEM CONTROL NUMBER
System control number (Sirsi) u126726
245 ## - TITLE STATEMENT
Title Farms continue to perform well in 2003
260 ## - PUBLICATION, DISTRIBUTION, ETC.
Date of publication, distribution, etc. 2004
490 ## - SERIES STATEMENT
Series statement FPD Savills Research
Volume/sequential designation June 2004 (6)
520 ## - SUMMARY, ETC.
Summary, etc. The latest Investment Property Databank (IPD) "UK let land index" shows that tenanted land gave a strong total return of 21.4% for the year to December 2003. It also shows that 2003 was the third successive year in which let land returns was above 20%. The full report can be viewed, after registering, at: http://www.fpdsavills.co.uk/research.asp?content=% 5Cuber%5Fresearch%5C4686%2Ehtm&subcategory=none&co ntenttype=research&category=.
590 ## - LOCAL NOTE (RLIN)
Local note WB
590 ## - LOCAL NOTE (RLIN)
Local note WB
650 ## - SUBJECT ADDED ENTRY--TOPICAL TERM
Topical term or geographic name entry element TENANTED LAND
650 ## - SUBJECT ADDED ENTRY--TOPICAL TERM
Topical term or geographic name entry element FARMLAND
650 ## - SUBJECT ADDED ENTRY--TOPICAL TERM
Topical term or geographic name entry element LET LAND INDEX
690 ## - LOCAL SUBJECT ADDED ENTRY--TOPICAL TERM (OCLC, RLIN)
Topical term or geographic name as entry element RURAL-MARKET
942 ## - ADDED ENTRY ELEMENTS (KOHA)
Suppress in OPAC 0
Holdings
Withdrawn status Lost status Source of classification or shelving scheme Damaged status Not for loan Home library Current library Shelving location Date acquired Total Checkouts Full call number Barcode Date last seen Copy number Price effective from Koha item type
    Dewey Decimal Classification     London London News article 07/07/2004   WB4026-18 126726-1001 06/08/2019 1 06/08/2019 News article